Understanding nursing and healthcare research
Salvato in:
| Autore principale: | |
|---|---|
| Natura: | Libro |
| Lingua: | inglese |
| Pubblicazione: |
SAGE Publications
2015
|
| Tags: |
Aggiungi Tag
Nessun Tag, puoi essere il primo ad aggiungerne!!
|
MARC
| LEADER | 00000nam a22000007a 4500 | ||
|---|---|---|---|
| 008 | 210122b ||||| |||| 00| 0 eng d | ||
| 020 | |a 978-1-4462-4101-1 | ||
| 100 | |a CRONIN, Patricia. | ||
| 245 | |a Understanding nursing and healthcare research |c Patricia Cronin, Michael Coughlan and Valerie Smith. |g xiii, 207p.; ill. | ||
| 260 | |b SAGE Publications |c 2015 |h Los Angeles: |i 693266 |i 693267 |l RT81.5 .C88 |m Nursing – Research. |m Medical care – Research. |m Research design. |m Statistics as topic. | ||
| 500 | |a “It includes references and index." | ||
| 942 | |a lcc |c BK |e Adeniran, F. A |f 22/01/2021 | ||
| 952 | |0 0 |1 0 |2 lcc |4 0 |6 RT00815 C88 |7 0 |9 1620 |a HOL |b HE |c QZ |d 2021-01-22 |l 0 |o RT81.5 .C88 |p 2021-0407 |r 2021-01-22 00:00:00 |w 2021-01-22 |y BK | ||
| 952 | |0 0 |1 0 |2 lcc |4 0 |6 RT00815 C88 |7 0 |9 1621 |a HOL |b HOL |c QZ |d 2021-01-22 |l 0 |o RT81.5 .C88 |p 2021-0408 |r 2021-01-22 00:00:00 |w 2021-01-22 |y BK | ||
| 999 | |c 859 |d 859 | ||